<?xml version="1.0" encoding="UTF-8"?>
<collection xmlns="http://www.loc.gov/MARC21/slim">
 <record>
  <leader>01190nam a2200301 a 4500</leader>
  <controlfield tag="001">11861389</controlfield>
  <controlfield tag="003">BD-DhAAL</controlfield>
  <controlfield tag="005">20170704093355.0</controlfield>
  <controlfield tag="008">091010s2000    ii       b    000 0 eng d</controlfield>
  <datafield tag="999" ind1=" " ind2=" ">
   <subfield code="c">4644</subfield>
   <subfield code="d">4644</subfield>
  </datafield>
  <datafield tag="010" ind1=" " ind2=" ">
   <subfield code="a">   99940149</subfield>
  </datafield>
  <datafield tag="020" ind1=" " ind2=" ">
   <subfield code="a">9840515152 </subfield>
  </datafield>
  <datafield tag="020" ind1=" " ind2=" ">
   <subfield code="a">8170950724</subfield>
  </datafield>
  <datafield tag="040" ind1=" " ind2=" ">
   <subfield code="a">DLC</subfield>
   <subfield code="c">DLC</subfield>
   <subfield code="d">DLC</subfield>
  </datafield>
  <datafield tag="082" ind1="0" ind2="0">
   <subfield code="a">303.6/0954</subfield>
   <subfield code="2">21</subfield>
  </datafield>
  <datafield tag="245" ind1="0" ind2="0">
   <subfield code="a">Regional security in South Asia :</subfield>
   <subfield code="b">the ethno-sectarian dimensions /</subfield>
   <subfield code="c">editor Nancy Jetly.</subfield>
  </datafield>
  <datafield tag="260" ind1=" " ind2=" ">
   <subfield code="a">New Delhi :</subfield>
   <subfield code="b">Lancers Books ;</subfield>
   <subfield code="a">Dhaka :</subfield>
   <subfield code="b">University press,</subfield>
   <subfield code="c">2000.</subfield>
  </datafield>
  <datafield tag="300" ind1=" " ind2=" ">
   <subfield code="a">xvi, 515 p. ;</subfield>
   <subfield code="c">22 cm.</subfield>
  </datafield>
  <datafield tag="504" ind1=" " ind2=" ">
   <subfield code="a">Includes bibliographical references and index.</subfield>
  </datafield>
  <datafield tag="520" ind1=" " ind2=" ">
   <subfield code="a">Contributed articles presented at an international seminar in 1996.</subfield>
  </datafield>
  <datafield tag="541" ind1="1" ind2=" ">
   <subfield code="e">00008348</subfield>
  </datafield>
  <datafield tag="650" ind1=" " ind2="0">
   <subfield code="a">National security</subfield>
   <subfield code="z">South Asia.</subfield>
   <subfield code="9">21707</subfield>
  </datafield>
  <datafield tag="651" ind1=" " ind2="0">
   <subfield code="a">South Asia</subfield>
   <subfield code="x">Politics and government.</subfield>
   <subfield code="9">21708</subfield>
  </datafield>
  <datafield tag="651" ind1=" " ind2="0">
   <subfield code="a">South Asia</subfield>
   <subfield code="x">Ethnic relations.</subfield>
   <subfield code="9">21709</subfield>
  </datafield>
  <datafield tag="700" ind1="1" ind2=" ">
   <subfield code="a">Jetly, Nancy.</subfield>
   <subfield code="9">21710</subfield>
  </datafield>
  <datafield tag="852" ind1="4" ind2=" ">
   <subfield code="a">Ayesha Abed Library</subfield>
   <subfield code="j">General shelf </subfield>
  </datafield>
  <datafield tag="942" ind1=" " ind2=" ">
   <subfield code="2">ddc</subfield>
   <subfield code="c">BK</subfield>
  </datafield>
  <datafield tag="952" ind1=" " ind2=" ">
   <subfield code="0">0</subfield>
   <subfield code="1">0</subfield>
   <subfield code="2">ddc</subfield>
   <subfield code="4">0</subfield>
   <subfield code="6">303_609540000000000_REG_2000</subfield>
   <subfield code="7">0</subfield>
   <subfield code="9">4428</subfield>
   <subfield code="a">BRACUL</subfield>
   <subfield code="b">BRACUL</subfield>
   <subfield code="c">GEN</subfield>
   <subfield code="d">2009-10-18</subfield>
   <subfield code="g">600.00</subfield>
   <subfield code="l">3</subfield>
   <subfield code="m">5</subfield>
   <subfield code="o">303.60954 REG</subfield>
   <subfield code="p">3010008348</subfield>
   <subfield code="r">2012-04-25</subfield>
   <subfield code="s">2012-04-16</subfield>
   <subfield code="t">1</subfield>
   <subfield code="v">1200.00</subfield>
   <subfield code="w">2009-10-18</subfield>
   <subfield code="y">BK</subfield>
  </datafield>
 </record>
</collection>
